00735nam a22002537a 4500003000500000005001700005008004100022010001100063011001100074020001800085035001100103040000900114082001800123100002100141245007100162260004200233300004200275490001900317650002100336650003500357650003200392650003800424830001900462CHAP20220329143757.0110810s2005 us a r 00010 eng d a101775 a102747 a9780198505648 a113436 cCHAP04a634.9696bW131 aWainhouse, David10aEcological methods in forest pest managementc/por David Wainhouse aNew York :bOxford University,cc2005 axx, 228 p. :bilus., gráfs., tablas aOxford Biology14aBosquesxPlagas.14aControl biológico de plagas.14aManejo integrado de plagas.14aPesticidasxMedidas de Seguridad. aOxford Biology